Vliv socioekonomického statusu na výskyt depresivních symptomů v populaci Česka – výsledky EHIS 2019
Vplyv socioekonomických faktorov o výskyte symptómov depresie v českej populácii. Analýzy vychádzajú z prierezového európskeho prieskumu zdravia (EHIS) z roku 2019. Výsledky z týchto analýz ukazujú individuálny aj kombinovaný efekt vzdelania, ekonomickej aktivity a príjmu. Pomer pravdepodobnosti sym...
Salvato in:
| Autore principale: | |
|---|---|
| Altri autori: | |
| Natura: | Capitolo di libro |
| Lingua: | ceco |
| Soggetti: | |
| Tags: |
Nessun Tag, puoi essere il primo ad aggiungerne!!
|
MARC
| LEADER | 00000naa a2200000 4500 | ||
|---|---|---|---|
| 001 | 0295309 | ||
| 005 | 20230707133318.3 | ||
| 041 | 0 | |a cze | |
| 044 | |a CZ | ||
| 245 | 1 | 0 | |a Vliv socioekonomického statusu na výskyt depresivních symptomů v populaci Česka – výsledky EHIS 2019 |c Marie Kuklová, Michala Lustigová |
| 520 | |a Vplyv socioekonomických faktorov o výskyte symptómov depresie v českej populácii. Analýzy vychádzajú z prierezového európskeho prieskumu zdravia (EHIS) z roku 2019. Výsledky z týchto analýz ukazujú individuálny aj kombinovaný efekt vzdelania, ekonomickej aktivity a príjmu. Pomer pravdepodobnosti symptómov depresie je najvyšší u respondentov so základným vzdelaním, ktorí sú nezamestnaní a ľudia s nižším príjmom. Socioekonomický status je výrazne spojený s príznakmi depresívneho stavu. | ||
| 610 | 2 | 0 | |a demografia |
| 610 | 2 | 0 | |a stratifikácia sociálna |
| 610 | 2 | 0 | |a obyvateľstvo |
| 610 | 2 | 0 | |a zdravie duševné |
| 610 | 2 | 0 | |a prieskum |
| 610 | 2 | 0 | |a depresia |
| 610 | 2 | 0 | |a dôsledky sociálne |
| 610 | 2 | 0 | |a Česko |
| 100 | 1 | |a Kuklová, Marie | |
| 700 | 1 | |a Lustigová, Michala | |